|
|
|
|
| LEADER |
00000nab a2200000 a 4500 |
| 001 |
vtls000543665 |
| 003 |
SK-MaSNL |
| 005 |
20260303011917.0 |
| 008 |
220422c1994 xo 0 slo |
| 015 |
|
|
|a SNBRB19rr/mm-uuuuu
|
| 035 |
|
|
|a CL0543803
|
| 040 |
|
|
|a SNKBUCL
|b slo
|c SNKBUCL
|e AACR2
|
| 041 |
0 |
|
|a slo
|
| 044 |
|
|
|a xo
|c SK
|
| 080 |
|
|
|a 61-051:616.1
|2 1981
|
| 080 |
|
|
|a 616.1
|2 1981
|
| 080 |
|
|
|a 929 Mayer, Mikuláš
|2 1981
|
| 100 |
1 |
|
|a Redhammer, Rafael,
|d 1934-
|4 aut
|9 221065
|
| 245 |
1 |
0 |
|a K životnému jubileu primára MUDr. Mikuláša Mayera, CSc.
|c Rafael Redhammer, Vladimír Novák
|
| 300 |
|
|
|b Fotogr. 1, lit. 11 zázn. v slov.
|
| 600 |
1 |
7 |
|a Mayer, Mikuláš,
|d 1924-2001
|2 snkbucl
|9 39796
|
| 655 |
|
7 |
|a články z novín a časopisov
|2 snkbucl
|9 267496
|
| 700 |
1 |
|
|a Novák, Vladimír
|4 aut
|9 6064
|
| 773 |
0 |
|
|t Studia pneumologica et phtiseologica
|g Roč. 54, č. 5 (1994), s. 396-399
|x 0371-2222
|
| 850 |
|
|
|a Slovenská národná knižnica v Martine
|a MTA001
|
| 852 |
|
|
|a SNK
|b KIS3GCP
|
| 958 |
|
|
|a BX
|
| 958 |
|
|
|a NB
|
| 958 |
|
|
|a RK
|
| 958 |
|
|
|a ME
|
| 992 |
|
|
|a RBX
|
| 999 |
|
|
|c 1594639
|d 1596569
|